| 000 | 00677nam a22001577a 4500 | ||
|---|---|---|---|
| 003 | OSt | ||
| 005 | 20150917095703.0 | ||
| 008 | 150917b xxu||||| |||| 00| 0 eng d | ||
| 040 | _cRUA | ||
| 082 | _aAGR SEN 2002 B023 Or.1 | ||
| 100 |
_9638 _aSENG, VICHEKA. |
||
| 245 | _aCapsicum breeder seed production in wet season at kbal koh condition 2002 ការផលិតជម្រើសវិទូលើដំណំាម្ទេសក្នុងលក្ខ័ខណ្ឌ័រដូវវស្សា២០០២ក្នុងស្ថានីយ៏ក្បាលកោះ | ||
| 260 |
_aPhnom Penh _bRUA _c2002 |
||
| 300 |
_aiii, 71p. _bill. _c29cm. |
||
| 942 |
_2ddc _cAGR |
||
| 999 |
_c612 _d612 |
||